000
00238nam a2200097Ia 4500
008
230915s9999 xx 000 0 und d
050
_a
Z699.A45 2004
100
_a
AMJAD ALI
245
0
_a
INFORMATION TECHNOLOGY AND LIBRARIES
942
_c
BK
999
_c
206813
_d
206813